000 00221nam a22000857a 4500
008 170614b xxu||||| |||| 00| 0 eng d
100 _93387
_aGupta. P. K
245 _aScience and Technology - 6
260 _aNew Delhi
_bI. B
_c2008
999 _c6743
_d6743